[Event "Gyor Amateur op 16th"]
[Site "Gyor"]
[Date "2019.03.02"]
[Round "1"]
[White "Balogh, Marton"]
[Black "Balogh, Anett"]
[Result "1-0"]
[WhiteElo "1982"]
[BlackElo "1326"]
[PlyCount "85"]
[EventDate "2019.03.02"]
[EventType "swiss"]
[EventRounds "5"]
[EventCountry "HUN"]
[SourceTitle "CBM 190 Extra"]
[Source "ChessBase"]
[SourceDate "2019.07.15"]
[SourceVersion "1"]
[SourceVersionDate "2019.07.15"]
[SourceQuality "1"]

1. e4 c5 2. Nf3 Nc6 3. d4 cxd4 4. Nxd4 g6 5. Nc3 Bg7 6. Be3 Nf6 7. Bc4 0-0 8. 0-0 d6 9. h3 Bd7 10. Qd2 a6 11. a4 Rc8 12. Ba2 Nb4 13. Bb3 Rc7 14. Nd5 Nbxd5 15. exd5 Ne4 16. Qb4 Qb8 17. c3 Rfc8 18. Ne6 fxe6 19. Qxe4 e5 20. Bb6 Bf5 21. Bxc7 Qxc7 22. Qe3 Qd7 23. g4 Bxg4 24. hxg4 Qxg4+ 25. Qg3 Qf5 26. f4 exf4 27. Qxf4 Qh5 28. Qf3 Qg5+ 29. Qg2 Qh5 30. Rf3 Be5 31. Rh3 Qf5 32. Rf1 Qd7 33. Rhf3 Bg7 34. Qh3 Qd8 35. Qe6+ Kh8 36. Bc2 Qb6+ 37. Kh1 Qd8 38. Bxg6 h6 39. Rf7 Qg8 40. Rxg7 Qxg7 41. Qxc8+ Qg8 42. Rf8 Qxf8 43. Qxf8# 1-0

[Event "HUN-chT 1819"]
[Site "Hungary"]
[Date "2019.02.10"]
[Round "5.3"]
[White "Balogh, Marton"]
[Black "Udvardi, Zalan"]
[Result "1/2-1/2"]
[WhiteElo "1941"]
[BlackElo "2230"]
[PlyCount "144"]
[EventDate "2018.11.17"]
[EventType "team-tourn"]
[EventRounds "9"]
[EventCountry "HUN"]
[SourceTitle "CBM 188 Extra"]
[Source "ChessBase"]
[SourceDate "2019.02.26"]
[SourceVersion "1"]
[SourceVersionDate "2019.02.26"]
[SourceQuality "1"]
[WhiteTeam "Csuti Hydro"]
[BlackTeam "Mako Duocor"]
[WhiteTeamCountry "HUN"]
[BlackTeamCountry "HUN"]

1. e4 c5 2. Nf3 Nc6 3. d4 cxd4 4. Nxd4 Nf6 5. Nc3 e5 6. Ndb5 d6 7. Bg5 a6 8. Na3 b5 9. Nd5 Be7 10. Bxf6 Bxf6 11. c4 b4 12. Nc2 a5 13. g3 0-0 14. Bg2 Be6 15. 0-0 Bg5 16. Qd3 Ne7 17. Nce3 Bxe3 18. Nxe3 Qb6 19. Rfd1 Nc6 20. b3 Nd4 21. Nc2 Nxc2 22. Qxc2 Qc5 23. Rd2 a4 24. Rad1 axb3 25. axb3 Ra6 26. h3 f6 27. Qb2 Kf7 28. Ra1 Rfa8 29. Rxa6 Rxa6 30. Kh2 Ra3 31. Qc2 Ke7 32. Qd3 g6 33. g4 g5 34. Rb2 Bf7 35. Rd2 Be6 36. Rb2 Ra1 37. Rd2 Ra3 38. Rb2 Ra1 39. Rd2 Ra6 40. Bf3 Ra1 41. Kg2 Ra3 42. Rb2 Bg8 43. Rd2 Bf7 44. Rb2 Qd4 45. Qxd4 exd4 46. Be2 Ke6 47. Bd3 Ke5 48. Kg3 Ra1 49. Rd2 Rc1 50. Bc2 d3 51. Bxd3 Rc3 52. f3 Rxb3 53. Be2 Rc3 54. Kf2 b3 55. Rb2 Rc2 56. Rxb3 Rxe2+ 57. Kxe2 Bxc4+ 58. Rd3 d5 59. exd5 Bxd3+ 60. Kxd3 Kxd5 61. Ke3 Ke5 62. Ke2 Kf4 63. Kf2 h6 64. Kg2 Ke3 65. Kg3 Ke2 66. Kg2 Kd3 67. Kf2 Kd2 68. f4 Kd3 69. Kf3 Kd4 70. fxg5 fxg5 71. Kf2 Ke4 72. Ke2 Kf4 1/2-1/2

[Event "HUN-ch rapid"]
[Site "Ajka"]
[Date "2018.07.20"]
[Round "5"]
[White "Balogh, Marton"]
[Black "Hoang, Thanh Trang"]
[Result "0-1"]
[WhiteElo "1973"]
[BlackElo "2423"]
[PlyCount "48"]
[EventDate "2018.07.20"]
[EventType "swiss (rapid)"]
[EventRounds "13"]
[EventCountry "HUN"]
[SourceTitle "CBM 185 Extra"]
[Source "ChessBase"]
[SourceDate "2018.07.29"]
[SourceVersion "1"]
[SourceVersionDate "2018.07.29"]
[SourceQuality "1"]

1. d4 f5 2. h3 d6 3. g4 Nc6 4. c3 e5 5. Bg2 fxg4 6. hxg4 Bxg4 7. Qd3 Qd7 8. f3 Bf5 9. e4 Bg6 10. Bh3 Qd8 11. Be3 d5 12. Nd2 Nf6 13. 0-0-0 Be7 14. Ne2 a6 15. Rdg1 Qd6 16. Bf5 Bxf5 17. exf5 Rg8 18. Bg5 0-0-0 19. Bxf6 Bxf6 20. Rxh7 exd4 21. cxd4 Rge8 22. a3 Rd7 23. Nb3 Rde7 24. Rg2 Re3 0-1

[Event "Zalakaros op 37th"]
[Site "Zalakaros"]
[Date "2018.05.30"]
[Round "6"]
[White "Ongut, Tamas Gunes"]
[Black "Balogh, Marton"]
[Result "1-0"]
[WhiteElo "2130"]
[BlackElo "1858"]
[PlyCount "141"]
[EventDate "2018.05.25"]
[EventType "swiss"]
[EventRounds "9"]
[EventCountry "HUN"]
[SourceTitle "EXT 2019"]
[Source "ChessBase"]
[SourceDate "2018.10.10"]
[SourceVersion "1"]
[SourceVersionDate "2018.10.10"]
[SourceQuality "1"]

1. e4 e6 2. d4 d5 3. Nc3 dxe4 4. Nxe4 Bd7 5. Ng5 Nf6 6. N1f3 Bd6 7. Ne5 0-0 8. Bd3 Nc6 9. Ngf3 Nb4 10. Be2 Bc6 11. Nxc6 Nxc6 12. 0-0 Nb8 13. c4 c6 14. Qc2 Nbd7 15. b3 Qc7 16. Bb2 Rfe8 17. Rfe1 e5 18. c5 Bf8 19. dxe5 Nd5 20. Ng5 g6 21. e6 fxe6 22. Bg4 Nxc5 23. Nxe6 Qe7 24. Re2 Nxe6 25. Bxe6+ Qxe6 26. Rxe6 Rxe6 27. g3 Rae8 28. Qd3 Bc5 29. Rc1 Bb6 30. Bd4 Bxd4 31. Qxd4 a6 32. Qa7 R8e7 33. Rc2 h5 34. h4 Kh7 35. Rd2 Re4 36. Qc5 R7e6 37. Kg2 Re7 38. Qd6 R4e6 39. Qb8 Re4 40. Qf8 R4e6 41. Qd8 Re4 42. Kh3 Re8 43. Qd7+ R4e7 44. Qd6 Re6 45. Qc5 R8e7 46. b4 Re4 47. a3 R7e6 48. Rd3 Rf6 49. Qc2 Rf5 50. Qd2 Re6 51. a4 Re4 52. Rd4 Rfe5 53. Rxe4 Rxe4 54. b5 Rxa4 55. bxc6 bxc6 56. Qc2 Ra1 57. Qxc6 Ne7 58. Qb7 Re1 59. Qxa6 Nf5 60. Qf6 Re7 61. Kg2 Rg7 62. f3 Nh6 63. Qe6 Ra7 64. Kf2 Nf5 65. g4 hxg4 66. h5 g3+ 67. Kg2 Ne7 68. Qf7+ Kh6 69. hxg6 Rd7 70. Kxg3 Kg5 71. Qf4+ 1-0

[Event "Zalakaros op 37th"]
[Site "Zalakaros"]
[Date "2018.05.27"]
[Round "3"]
[White "Balogh, Marton"]
[Black "Tatarintsev, Egor"]
[Result "1/2-1/2"]
[WhiteElo "1858"]
[BlackElo "2125"]
[PlyCount "73"]
[EventDate "2018.05.25"]
[EventType "swiss"]
[EventRounds "9"]
[EventCountry "HUN"]
[SourceTitle "EXT 2019"]
[Source "ChessBase"]
[SourceDate "2018.10.10"]
[SourceVersion "1"]
[SourceVersionDate "2018.10.10"]
[SourceQuality "1"]

1. d4 e6 2. Nf3 Nf6 3. c3 b6 4. Bf4 Bb7 5. e3 Ne4 6. Nbd2 Nxd2 7. Qxd2 f5 8. Be2 Be7 9. h4 Bd5 10. Bg5 d6 11. c4 Bb7 12. d5 e5 13. Bxe7 Qxe7 14. Ng5 Nd7 15. Ne6 Nf8 16. Nxf8 Rxf8 17. g4 f4 18. e4 f3 19. Bd3 Rf4 20. g5 0-0-0 21. 0-0-0 h6 22. a4 Rh8 23. a5 hxg5 24. hxg5 Rxh1 25. Rxh1 Qxg5 26. Rh8+ Kd7 27. c5 dxc5 28. a6 Bxa6 29. Bxa6 Qg1+ 30. Kc2 Rxe4 31. Bb5+ Ke7 32. d6+ cxd6 33. Re8+ Kf6 34. Qxd6+ Kg5 35. Qe7+ Kg6 36. Qe6+ Kg5 37. Qe7+ 1/2-1/2

[Event "HUN-chT2 Szechenyi 1617"]
[Site "Hungary"]
[Date "2017.04.09"]
[Round "11.8"]
[White "Kiss, Zoltan4444"]
[Black "Balogh, Marton"]
[Result "1/2-1/2"]
[WhiteElo "1841"]
[BlackElo "1906"]
[PlyCount "39"]
[EventDate "2016.09.25"]
[EventType "team-tourn"]
[EventRounds "11"]
[EventCountry "HUN"]
[SourceTitle "EXT 2021"]
[Source "ChessBase"]
[SourceDate "2020.10.23"]
[SourceVersion "1"]
[SourceVersionDate "2020.10.23"]
[SourceQuality "1"]
[WhiteTeam "Papa"]
[BlackTeam "Csuti Baki Agrocentrum"]
[WhiteTeamCountry "HUN"]
[BlackTeamCountry "HUN"]

1. e4 e6 2. d4 d5 3. e5 c5 4. c3 Nc6 5. Bb5 Bd7 6. Nf3 Rc8 7. 0-0 cxd4 8. cxd4 Nb4 9. Bd3 Rxc1 10. Qxc1 Nxd3 11. Qd2 Bb5 12. Nc3 Ba6 13. a3 g6 14. b4 Bc4 15. Rfd1 Qd7 16. g3 Ne7 17. Qc2 Nc6 18. Rxd3 Bxd3 19. Qxd3 Be7 20. Ne2 1/2-1/2

[Event "HUN-chT2 Szechenyi 1617"]
[Site "Hungary"]
[Date "2017.02.26"]
[Round "9.8"]
[White "Pongracz, Emil"]
[Black "Balogh, Marton"]
[Result "0-1"]
[WhiteElo "1811"]
[BlackElo "1906"]
[PlyCount "57"]
[EventDate "2016.09.25"]
[EventType "team-tourn"]
[EventRounds "11"]
[EventCountry "HUN"]
[SourceTitle "EXT 2021"]
[Source "ChessBase"]
[SourceDate "2020.10.23"]
[SourceVersion "1"]
[SourceVersionDate "2020.10.23"]
[SourceQuality "1"]
[WhiteTeam "Ajka ASSE"]
[BlackTeam "Csuti Baki Agrocentrum"]
[WhiteTeamCountry "HUN"]
[BlackTeamCountry "HUN"]

1. e4 d5 2. exd5 Qxd5 3. c4 Qe4+ 4. Qe2 Qxe2+ 5. Bxe2 Nc6 6. Nf3 e5 7. 0-0 f5 8. Re1 e4 9. Bd1 Be7 10. Nc3 exf3 11. Nb5 Kd8 12. d4 Nf6 13. Nxc7 Kxc7 14. d5 Bb4 15. Bf4+ Kd8 16. dxc6 Bxe1 17. c7+ Ke7 18. c5 Bxf2+ 19. Kxf2 Ne4+ 20. Kxf3 Nxc5 21. b4 Ne6 22. Be5 Bd7 23. Bb3 Bc6+ 24. Kf2 Rhc8 25. Re1 Be4 26. g4 g6 27. Ba4 Nxc7 28. g5 Nd5 29. Bb3 0-1

[Event "HUN-chT2 Szechenyi 1617"]
[Site "Hungary"]
[Date "2016.12.11"]
[Round "6.7"]
[White "Balogh, Marton"]
[Black "Biskopics, Marton"]
[Result "1/2-1/2"]
[WhiteElo "1906"]
[BlackElo "2040"]
[PlyCount "27"]
[EventDate "2016.09.25"]
[EventType "team-tourn"]
[EventRounds "11"]
[EventCountry "HUN"]
[SourceTitle "EXT 2021"]
[Source "ChessBase"]
[SourceDate "2020.10.23"]
[SourceVersion "1"]
[SourceVersionDate "2020.10.23"]
[SourceQuality "1"]
[WhiteTeam "Csuti Baki Agrocentrum"]
[BlackTeam "Keszthely Spartacus"]
[WhiteTeamCountry "HUN"]
[BlackTeamCountry "HUN"]

1. d4 d5 2. Nf3 Nf6 3. Bf4 c6 4. e3 Bg4 5. Nbd2 e6 6. h3 Bh5 7. c3 Bd6 8. Bxd6 Qxd6 9. Qb3 Qc7 10. Ne5 Bg6 11. Be2 Nbd7 12. f4 Ne4 13. Nxg6 Nxd2 14. Qc2 1/2-1/2

[Event "HUN-chT U18"]
[Site "Hajduboszormeny"]
[Date "2016.11.05"]
[Round "6.50"]
[White "Balogh, Marton"]
[Black "Lakatos, Tamas"]
[Result "1/2-1/2"]
[WhiteElo "1876"]
[BlackElo "1684"]
[PlyCount "32"]
[EventDate "2016.11.02"]
[EventType "team-swiss"]
[EventRounds "8"]
[EventCountry "HUN"]
[SourceTitle "CBM 175 Extra"]
[Source "ChessBase"]
[SourceDate "2016.12.12"]
[SourceVersion "1"]
[SourceVersionDate "2016.12.12"]
[SourceQuality "1"]

1. d4 Nf6 2. Nf3 g6 3. Bf4 Bg7 4. e3 d5 5. Be2 0-0 6. h3 c5 7. c3 cxd4 8. cxd4 Qb6 9. b3 Bf5 10. 0-0 Rc8 11. Bd3 Bxd3 12. Qxd3 Nc6 13. a3 Nd7 14. Nbd2 Re8 15. Rab1 Rac8 16. Rfc1 a6 1/2-1/2

[Event "Balaton op 34th"]
[Site "Balatonboglar"]
[Date "2016.06.14"]
[Round "1"]
[White "Boguszlavszkij, Jevgenyij"]
[Black "Balogh, Marton"]
[Result "1-0"]
[WhiteElo "2212"]
[BlackElo "1869"]
[PlyCount "55"]
[EventDate "2016.06.14"]
[EventType "swiss"]
[EventRounds "9"]
[EventCountry "HUN"]
[SourceTitle "CBM 173 Extra"]
[Source "ChessBase"]
[SourceDate "2016.08.29"]
[SourceVersion "1"]
[SourceVersionDate "2016.08.29"]
[SourceQuality "1"]

1. e4 e6 2. d3 d5 3. Qe2 Nf6 4. e5 Nfd7 5. Nf3 c5 6. g3 Nc6 7. Bg2 Qc7 8. Bf4 h6 9. h4 b6 10. Nc3 Ba6 11. Nxd5 exd5 12. e6 Bd6 13. exd7+ Kxd7 14. Bh3+ Kd8 15. Bxd6 Qxd6 16. 0-0 Re8 17. Qd2 Qf6 18. Bg2 Qxb2 19. Nh2 Nb4 20. Rab1 Qxc2 21. Qf4 Re7 22. a3 Rc8 23. axb4 Bxd3 24. Rbc1 Qb2 25. Rfd1 c4 26. Rxd3 Qxc1+ 27. Qxc1 cxd3 28. Qd2 1-0

[Event "HUN-chT2 Szechenyi 1516"]
[Site "Hungary"]
[Date "2015.11.08"]
[Round "4.9"]
[White "Szalay, Istvan"]
[Black "Balogh, Marton"]
[Result "0-1"]
[WhiteElo "1492"]
[BlackElo "1776"]
[PlyCount "120"]
[EventDate "2015.09.13"]
[EventType "team-tourn"]
[EventRounds "11"]
[EventCountry "HUN"]
[SourceTitle "CBM 170 Extra"]
[Source "ChessBase"]
[SourceDate "2016.02.25"]
[SourceVersion "1"]
[SourceVersionDate "2016.02.25"]
[SourceQuality "1"]
[WhiteTeam "Arboretum"]
[BlackTeam "Csuti Baki Agrocentrum"]
[WhiteTeamCountry "HUN"]
[BlackTeamCountry "HUN"]

1. e4 e6 2. d4 d5 3. e5 c5 4. c3 Nc6 5. Nf3 Qb6 6. b3 Bd7 7. Be2 Rc8 8. Ba3 cxd4 9. Bxf8 Kxf8 10. cxd4 Nh6 11. 0-0 Nf5 12. Qd2 Nfxd4 13. Nxd4 Qxd4 14. Qxd4 Nxd4 15. Bd3 Bb5 16. Bxb5 Nxb5 17. Nd2 Ke7 18. Rac1 Nc3 19. Ra1 Ne2+ 20. Kh1 Rc2 21. Nf3 Rhc8 22. Ng1 Nxg1 23. Kxg1 Re2 24. Rfe1 Rcc2 25. Rxe2 Rxe2 26. f4 Kd7 27. a3 Rc2 28. g4 Kc6 29. Rd1 Kc5 30. f5 exf5 31. gxf5 Re2 32. Rc1+ Kb6 33. Rc8 Rxe5 34. Rg8 g6 35. fxg6 hxg6 36. Rd8 Kc7 37. Rh8 Re7 38. Kf2 d4 39. Rh4 Rd7 40. Ke2 Kc6 41. Kd3 Kc5 42. Re4 Kd5 43. h4 f5 44. Re8 Rd6 45. Re7 Rb6 46. b4 Ra6 47. Rd7+ Ke5 48. Rxd4 Rd6 49. Rxd6 Kxd6 50. Kd4 b5 51. Ke3 Ke5 52. Kf3 f4 53. Kf2 Ke4 54. Ke2 f3+ 55. Kf2 Kf4 56. Kf1 Kg3 57. Kg1 f2+ 58. Kf1 Kxh4 59. Kxf2 Kg4 60. Kf1 Kf4 0-1

[Event "HUN-chT2 Szechenyi 1415"]
[Site "Hungary"]
[Date "2014.12.14"]
[Round "6.11"]
[White "Ruszin, Dorottya"]
[Black "Balogh, Marton"]
[Result "0-1"]
[WhiteElo "1292"]
[BlackElo "1650"]
[PlyCount "58"]
[EventDate "2014.09.07"]
[EventType "team-tourn"]
[EventRounds "11"]
[EventCountry "HUN"]
[SourceTitle "EXT 2016"]
[Source "ChessBase"]
[SourceDate "2015.10.08"]
[SourceVersion "1"]
[SourceVersionDate "2015.10.08"]
[SourceQuality "1"]
[WhiteTeam "Zala Volan"]
[BlackTeam "Csuti"]
[WhiteTeamCountry "HUN"]
[BlackTeamCountry "HUN"]

1. e4 e6 2. d4 d5 3. Nc3 Nf6 4. e5 Nfd7 5. g3 c5 6. Nf3 Nc6 7. Bb5 Qb6 8. 0-0 cxd4 9. Bxc6 dxc3 10. Bxd7+ Bxd7 11. bxc3 Bc5 12. Qd3 Bb5 13. Qd1 Bxf1 14. Qxf1 h6 15. Bd2 Rc8 16. Kg2 Qc6 17. Qe2 Bb6 18. Rc1 Qc4 19. Qxc4 Rxc4 20. Rb1 0-0 21. Nd4 Bxd4 22. cxd4 Rxc2 23. Be3 b6 24. a4 Ra2 25. h4 Rxa4 26. g4 f5 27. g5 f4 28. Bc1 hxg5 29. hxg5 Rxd4 0-1